| 000 | 00564nam a2200181Ia 4500 | ||
|---|---|---|---|
| 003 | IN-BaIIA | ||
| 008 | 211028s9999 xx 000 0 eng d | ||
| 040 | _cIIA Library | ||
| 080 |
_a52-77 _bCHR |
||
| 100 |
_aChristensen, Ronald _93589 |
||
| 245 | 0 |
_aWorld developments in radio astronomy _cRonald Christensen |
|
| 260 |
_aCalifornia _bGeneral Electronic Company _c1959 |
||
| 300 | _av, 93p. | ||
| 490 | _aRM 59 TMP-80 | ||
| 650 | _aAstronomy and astrophysics thesaurus | ||
| 650 |
_aRadio astronomy _92849 |
||
| 942 | _cBK | ||
| 999 |
_c1876 _d1876 |
||